[Event "IECC P-4541"]
[Site "IECC email"]
[Date "2009.04.18"]
[Round "?"]
[White "Cressman, Richard"]
[Black "Ulriksen, Kim"]
[Result "0-1"]
[WhiteElo "1586"]
[BlackElo "1343"]
[PlyCount "40"]
[EventDate "2009.??.??"]
[EventType "tourn (corr)"]
[EventRounds "1"]
[SourceTitle "Corr 2011"]
[Source "ChessBase"]
[SourceDate "2010.08.31"]
[SourceVersion "1"]
[SourceVersionDate "2010.08.31"]
[SourceQuality "1"]
[WhiteTeam "US of America"]
[BlackTeam "Dinamarca"]
[WhiteTeamCountry "USA"]
[BlackTeamCountry "DEN"]

1. e4 e5 2. Bc4 Nf6 3. Nf3 Nc6 4. Ng5 d5 5. exd5 Nxd5 6. Qf3 Qxg5 7. Bxd5 Nd4 8. Qd1 Qg6 9. d3 Bg4 10. f3 Be6 11. Bc6+ Nxc6 12. Be3 0-0-0 13. 0-0 h5 14. Nc3 f5 15. Ne2 f4 16. Bf2 Bh3 17. Bg3 Bc5+ 18. Kh1 h4 19. gxh3 hxg3 20. Kg2 Rxh3 0-1

[Event "IECC P-4315"]
[Site "IECC email"]
[Date "2007.04.30"]
[Round "?"]
[White "Ulriksen, Kim"]
[Black "Ostby, Frederick"]
[Result "0-1"]
[WhiteElo "1354"]
[BlackElo "1437"]
[PlyCount "114"]
[EventDate "2007.??.??"]
[EventType "tourn (corr)"]
[EventRounds "1"]
[SourceTitle "Corr 2011"]
[Source "ChessBase"]
[SourceDate "2010.08.31"]
[SourceVersion "1"]
[SourceVersionDate "2010.08.31"]
[SourceQuality "1"]
[WhiteTeam "US of America"]
[BlackTeam "South Africa"]
[WhiteTeamCountry "USA"]
[BlackTeamCountry "RSA"]

1. d4 Nf6 2. c4 e6 3. Nf3 d5 4. cxd5 exd5 5. Bg5 c6 6. e3 Qb6 7. Qc2 Nbd7 8. Bd3 Be7 9. 0-0 h6 10. Bh4 g5 11. Bg3 Nf8 12. Nbd2 Ne6 13. Rac1 Ng4 14. h3 Nf6 15. Rfe1 Bd7 16. Ne5 Bc8 17. Ndf3 h5 18. Bf5 Rg8 19. a3 g4 20. hxg4 hxg4 21. Nd2 Nh5 22. Nf1 Ng5 23. Bxc8 Rxc8 24. Qf5 Rd8 25. Bh4 Ng7 26. Qxg4 f5 27. Qe2 Nh3+ 28. gxh3 Bxh4 29. Kh2 Bf6 30. f4 Bxe5 31. fxe5 f4 32. exf4 Qxd4 33. Qd2 Nf5 34. Qxd4 Nxd4 35. Re3 Rf8 36. Kg3 Nf5+ 37. Kg4 Nxe3+ 38. Nxe3 Rh8 39. Nf5 Kd7 40. Rh1 Rdg8+ 41. Kf3 Rh5 42. Ng3 Rh7 43. h4 Ke6 44. h5 c5 45. Re1 Rhg7 46. f5+ Kf7 47. Rg1 Rg4 48. Rg2 b5 49. h6 Rh4 50. Ne2 Rxg2 51. Kxg2 d4 52. Kf3 Rxh6 53. Ke4 Rh4+ 54. Kd5 d3 55. Nc3 d2 56. e6+ Kf6 57. Kxc5 Rc4+ 0-1

[Event "IECC P-4259"]
[Site "IECC email"]
[Date "2006.11.24"]
[Round "?"]
[White "Bielewicz, Julian"]
[Black "Ulriksen, Kim"]
[Result "0-1"]
[WhiteElo "1208"]
[BlackElo "1343"]
[PlyCount "46"]
[EventDate "2006.??.??"]
[EventType "tourn (corr)"]
[EventRounds "1"]
[SourceTitle "Corr 2008"]
[Source "ChessBase"]
[SourceDate "2008.06.24"]
[SourceVersion "1"]
[SourceVersionDate "2008.06.24"]
[SourceQuality "1"]

1. Nf3 d5 2. g3 Nf6 3. Bg2 g6 4. 0-0 Bg7 5. d3 0-0 6. Nbd2 Nc6 7. e4 e5 8. c3 a5 9. a4 h6 10. Re1 dxe4 11. dxe4 Be6 12. Qe2 Qd7 13. b3 Rfd8 14. Bb2 Qd3 15. Qxd3 Rxd3 16. Bf1 Rdd8 17. Nc4 Nd7 18. Rad1 Bg4 19. Bg2 b6 20. h3 Bxf3 21. Bxf3 Nc5 22. Rxd8+ Rxd8 23. Bd1 Nd3 0-1

[Event "IECC KO-2068"]
[Site "IECC email"]
[Date "2006.09.05"]
[Round "?"]
[White "Depasse, Jean Marc"]
[Black "Ulriksen, Kim"]
[Result "1-0"]
[WhiteElo "1756"]
[BlackElo "1348"]
[PlyCount "43"]
[EventDate "2005.??.??"]
[EventType "match (corr)"]
[EventRounds "2"]
[SourceTitle "Corr 2008"]
[Source "ChessBase"]
[SourceDate "2008.06.24"]
[SourceVersion "1"]
[SourceVersionDate "2008.06.24"]
[SourceQuality "1"]

1. e4 c5 2. c3 e6 3. Nf3 d5 4. exd5 Qxd5 5. d4 Nf6 6. Be3 cxd4 7. cxd4 Bb4+ 8. Nc3 Qa5 9. Qb3 0-0 10. Bd3 Nc6 11. 0-0 a6 12. Ne4 Be7 13. a3 b5 14. Nxf6+ Bxf6 15. Qc2 Bd7 16. Bxh7+ Kh8 17. Be4 Rac8 18. Qd3 g6 19. Bh6 Rg8 20. Ne5 Bxe5 21. dxe5 Nxe5 22. Qh3 1-0

[Event "IECC P-3998"]
[Site "IECC email"]
[Date "2005.08.25"]
[Round "?"]
[White "Ulriksen, Kim"]
[Black "Mauro, Danilo"]
[Result "1/2-1/2"]
[WhiteElo "1301"]
[BlackElo "1471"]
[PlyCount "66"]
[EventDate "2005.??.??"]
[EventType "tourn (corr)"]
[EventRounds "1"]
[SourceTitle "Corr 2008"]
[Source "ChessBase"]
[SourceDate "2008.06.24"]
[SourceVersion "1"]
[SourceVersionDate "2008.06.24"]
[SourceQuality "1"]

1. e4 e6 2. d4 d5 3. e5 c5 4. c3 Nc6 5. Nf3 Qb6 6. Be2 cxd4 7. cxd4 Nge7 8. Nc3 Nf5 9. Bb5 Bd7 10. Bxc6 Bxc6 11. 0-0 Rc8 12. Rb1 Be7 13. g4 Nh4 14. Nxh4 Bxh4 15. g5 h5 16. gxh6 gxh6 17. Qg4 Be7 18. Be3 Kd7 19. Kh1 Rcg8 20. Qh5 Rg7 21. Rg1 Rxg1+ 22. Kxg1 Rg8+ 23. Kh1 Rg6 24. f4 Ke8 25. f5 exf5 26. Qxf5 Bd7 27. Qf3 Be6 28. b3 Qc6 29. Rc1 b5 30. Ne2 Qd7 31. Nf4 Bf5 32. Nxd5 Bg4 33. Qe4 Bf5 1/2-1/2

[Event "IECC P email"]
[Site "IECC email"]
[Date "2003.02.05"]
[Round "?"]
[White "Ulriksen, Kim"]
[Black "Hodges, Peter F"]
[Result "0-1"]
[WhiteElo "1375"]
[BlackElo "1040"]
[PlyCount "38"]
[EventDate "2003.??.??"]
[EventType "tourn (corr)"]
[EventRounds "6"]
[SourceTitle "Corr 2008"]
[Source "ChessBase"]
[SourceDate "2008.06.24"]
[SourceVersion "1"]
[SourceVersionDate "2008.06.24"]
[SourceQuality "1"]

1. e4 e5 2. Nf3 Nf6 3. Nxe5 d6 4. Nf3 Nxe4 5. d4 d5 6. Bd3 Nc6 7. 0-0 Bg4 8. Bxe4 dxe4 9. Re1 f5 10. Nc3 Be7 11. h3 Bh5 12. g4 fxg4 13. Ne5 Nxe5 14. dxe5 Qxd1 15. Nxd1 gxh3 16. Kh2 Bg4 17. Nc3 0-0 18. Nxe4 Bh4 19. Rg1 Bf5 0-1

[Event "IECC P email"]
[Site "IECC email"]
[Date "2000.08.16"]
[Round "?"]
[White "Ulriksen, Kim"]
[Black "Jasinski, Jim"]
[Result "0-1"]
[WhiteElo "1380"]
[BlackElo "1432"]
[PlyCount "62"]
[EventDate "2000.??.??"]
[EventType "tourn (corr)"]
[EventRounds "6"]
[SourceTitle "Corr 2008"]
[Source "ChessBase"]
[SourceDate "2008.06.24"]
[SourceVersion "1"]
[SourceVersionDate "2008.06.24"]
[SourceQuality "1"]

1. e4 d5 2. exd5 Qxd5 3. Nc3 Qa5 4. d4 Nf6 5. Bc4 Bg4 6. f3 Bf5 7. Nge2 e6 8. g4 Bg6 9. h4 h6 10. Nf4 Bh7 11. Bd2 Qb6 12. d5 e5 13. Bb5+ c6 14. dxc6 bxc6 15. Nfd5 Nxd5 16. Nxd5 Qd8 17. Qe2 Qxd5 18. Bc4 Qc5 19. Be3 Qa5+ 20. c3 Qc7 21. 0-0-0 Nd7 22. Rhe1 Be7 23. f4 Bxh4 24. Rf1 e4 25. f5 0-0 26. Bf4 Ne5 27. Qxe4 Rfe8 28. g5 Bxg5 29. Bxg5 hxg5 30. Rde1 Rad8 31. Re2 Qc8 0-1

[Event "IECC P email"]
[Site "IECC email"]
[Date "1999.09.27"]
[Round "?"]
[White "Ulriksen, Kim"]
[Black "Denney, Cyril"]
[Result "1-0"]
[WhiteElo "1420"]
[BlackElo "1433"]
[PlyCount "41"]
[EventDate "1999.??.??"]
[EventType "tourn (corr)"]
[EventRounds "6"]
[SourceTitle "Corr 2008"]
[Source "ChessBase"]
[SourceDate "2008.06.24"]
[SourceVersion "1"]
[SourceVersionDate "2008.06.24"]
[SourceQuality "1"]

1. e4 e6 2. d4 d5 3. Nc3 Nf6 4. Bg5 Be7 5. e5 Nfd7 6. Bxe7 Qxe7 7. f4 Qb4 8. Rb1 a6 9. Qd2 c5 10. Nf3 Nc6 11. a3 Qb6 12. dxc5 Qxc5 13. b4 Qe7 14. Bd3 f6 15. 0-0 fxe5 16. fxe5 Ncxe5 17. Nxe5 Nxe5 18. Rbe1 Nxd3 19. Qxd3 Qd6 20. Nxd5 Qc6 21. Qf5 1-0